[Event "Santo Domingo Autumn op"]
[Site "Santo Domingo"]
[Date "2016.10.07"]
[Round "1"]
[White "Belliard Alonzo, Julio Cesar"]
[Black "Castillo Vazquez, Adgart Miguel"]
[Result "0-1"]
[WhiteElo "1636"]
[BlackElo "1958"]
[PlyCount "58"]
[EventDate "2016.10.07"]
[EventType "swiss"]
[EventRounds "8"]
[EventCountry "DOM"]
[SourceTitle "CBM 175 Extra"]
[Source "ChessBase"]
[SourceDate "2016.12.12"]
[SourceVersion "1"]
[SourceVersionDate "2016.12.12"]
[SourceQuality "1"]

1. e4 e6 2. d4 d5 3. e5 c5 4. Nf3 Nc6 5. Be3 Qb6 6. b3 cxd4 7. Bxd4 Nxd4 8. Nxd4 Bd7 9. c3 Rc8 10. Bd3 Ne7 11. 0-0 Ng6 12. Bxg6 hxg6 13. b4 a5 14. a3 Be7 15. Qg4 Rc4 16. bxa5 Qxa5 17. f4 Rxc3 18. Nxc3 Qxc3 19. Ne2 Qe3+ 20. Kh1 Bb5 21. Rfe1 Bh4 22. Ng3 Qf2 23. Nf5 exf5 24. Qh3 Rh5 25. Qc3 Bg3 26. Qc8+ Ke7 27. Qxb7+ Kf8 28. Qb8+ Be8 29. Qd6+ Kg8 0-1

[Event "Santo Domingo Gesta Catorce op"]
[Site "Santo Domingo"]
[Date "2016.07.02"]
[Round "7"]
[White "Sanchez Acevedo, Jensy Manuel"]
[Black "Belliard Alonzo, Julio Cesar"]
[Result "1-0"]
[WhiteElo "1750"]
[BlackElo "1627"]
[PlyCount "103"]
[EventDate "2016.06.24"]
[EventType "swiss"]
[EventRounds "8"]
[EventCountry "DOM"]
[SourceTitle "EXT 2017"]
[Source "ChessBase"]
[SourceDate "2016.10.25"]
[SourceVersion "1"]
[SourceVersionDate "2016.10.25"]
[SourceQuality "1"]

1. e4 d5 2. exd5 Qxd5 3. Nf3 Qd8 4. h3 Nf6 5. Nc3 c6 6. d4 Bf5 7. Be2 e6 8. 0-0 Bd6 9. Re1 0-0 10. Nh4 Bg6 11. Nxg6 hxg6 12. Bg5 Nbd7 13. Ne4 Be7 14. Nxf6+ Bxf6 15. Bxf6 Qxf6 16. c3 Nb6 17. Qb3 Rac8 18. Bf3 Rfe8 19. Re3 Nd5 20. Bxd5 cxd5 21. a4 g5 22. a5 g6 23. Rf3 Qe7 24. Re1 Kg7 25. Rg3 Rh8 26. Qxd5 exd5 27. Rxe7 Rhe8 28. Rge3 Rxe7 29. Rxe7 Kf6 30. Re5 Rd8 31. Kf1 Rd6 32. Ke2 Re6 33. Rxe6+ fxe6 34. Kf3 e5 35. dxe5+ Kxe5 36. Ke3 b5 37. axb6 axb6 38. g3 b5 39. b4 Kf5 40. Kd4 g4 41. h4 Ke6 42. Kc5 Ke5 43. Kxb5 Ke4 44. Kc6 Kf3 45. b5 Kxf2 46. b6 Kxg3 47. b7 Kf2 48. b8Q g3 49. Qf8+ Kg1 50. Qc5+ Kh2 51. Kxd5 g2 52. Ke6 1-0

[Event "Santo Domingo Gesta Catorce op"]
[Site "Santo Domingo"]
[Date "2016.06.24"]
[Round "1"]
[White "Belliard Alonzo, Julio Cesar"]
[Black "Castillo Vazquez, Adgart Miguel"]
[Result "0-1"]
[WhiteElo "1627"]
[BlackElo "1968"]
[PlyCount "78"]
[EventDate "2016.06.24"]
[EventType "swiss"]
[EventRounds "8"]
[EventCountry "DOM"]
[SourceTitle "EXT 2017"]
[Source "ChessBase"]
[SourceDate "2016.10.25"]
[SourceVersion "1"]
[SourceVersionDate "2016.10.25"]
[SourceQuality "1"]

1. d4 Nf6 2. c4 e6 3. Nc3 Bb4 4. a3 Bxc3+ 5. bxc3 0-0 6. Bg5 d5 7. e3 c5 8. Nf3 Nbd7 9. Bd3 Qa5 10. Qc2 cxd4 11. exd4 dxc4 12. Bxc4 Ne4 13. Bd2 Ndf6 14. Bd3 Nxd2 15. Qxd2 Bd7 16. 0-0 Rac8 17. Rfc1 Rc7 18. Qg5 Qxg5 19. Nxg5 b5 20. c4 bxc4 21. Rxc4 Rxc4 22. Bxc4 Bc6 23. Nf3 Bxf3 24. gxf3 Rd8 25. Rd1 Kf8 26. Kf1 Ke7 27. Ke2 Kd6 28. Ke3 Rb8 29. a4 Rb4 30. Bb5 Nd5+ 31. Kd3 Rb3+ 32. Kc2 Rxf3 33. Rf1 a6 34. Bxa6 Nb4+ 35. Kd2 Nxa6 36. Rb1 Rxf2+ 37. Kc3 Nc7 38. a5 Ra2 39. Kb4 Nd5+ 0-1

[Event "Santo Domingo U2080 op"]
[Site "Santo Domingo"]
[Date "2016.06.11"]
[Round "2"]
[White "Velez Espiritusantos, Brunildo E"]
[Black "Belliard Alonzo, Julio Cesar"]
[Result "1-0"]
[WhiteElo "2021"]
[BlackElo "1627"]
[PlyCount "71"]
[EventDate "2016.06.10"]
[EventType "swiss"]
[EventRounds "8"]
[EventCountry "DOM"]
[SourceTitle "CBM 172 Extra"]
[Source "ChessBase"]
[SourceDate "2016.06.21"]
[SourceVersion "1"]
[SourceVersionDate "2016.06.21"]
[SourceQuality "1"]

1. d4 d5 2. c4 Nf6 3. Nc3 c6 4. e3 Bg4 5. Qb3 Qb6 6. Qxb6 axb6 7. cxd5 Nxd5 8. Nxd5 cxd5 9. h3 Bf5 10. Nf3 e6 11. Bb5+ Nc6 12. Ne5 Rc8 13. Bd2 Bd6 14. 0-0 Bxe5 15. dxe5 0-0 16. Bc3 f6 17. exf6 gxf6 18. Rfd1 Kf7 19. f3 Rg8 20. Kf2 Rg7 21. g4 Bg6 22. h4 h6 23. Rac1 Rgg8 24. Bd2 Ne5 25. Bc3 Nc4 26. h5 Bh7 27. e4 Nd6 28. Be2 Nc4 29. exd5 e5 30. d6 Rgd8 31. d7 Rc7 32. Bb4 b5 33. b3 Rcxd7 34. Rxd7+ Rxd7 35. bxc4 bxc4 36. Bxc4+ 1-0

[Event "DOM-ch"]
[Site "Santo Domingo"]
[Date "2016.04.02"]
[Round "2"]
[White "De la Rosa Brito, Willy"]
[Black "Belliard Alonzo, Julio Cesar"]
[Result "1-0"]
[WhiteElo "2081"]
[BlackElo "1651"]
[PlyCount "63"]
[EventDate "2016.04.01"]
[EventType "swiss"]
[EventRounds "11"]
[EventCountry "DOM"]
[SourceTitle "CBM 171 Extra"]
[Source "ChessBase"]
[SourceDate "2016.04.26"]
[SourceVersion "1"]
[SourceVersionDate "2016.04.26"]
[SourceQuality "1"]

1. e4 d5 2. exd5 Qxd5 3. Nc3 Qd8 4. d4 Nf6 5. Bd3 Bg4 6. f3 Bh5 7. Nge2 Nc6 8. Bf4 a6 9. Qd2 e6 10. 0-0-0 Bb4 11. g4 Bg6 12. Bxg6 hxg6 13. a3 Ba5 14. Bg5 b5 15. Nf4 b4 16. axb4 Bxb4 17. d5 Bxc3 18. Qxc3 0-0 19. dxc6 Qb8 20. Bxf6 gxf6 21. Qxf6 Qb4 22. Nxg6 fxg6 23. Qxg6+ Kh8 24. Qh6+ Kg8 25. Qxe6+ Kh8 26. Qh6+ Kg8 27. Rd7 Qf4+ 28. Qxf4 Rxf4 29. Re1 Rf7 30. Ree7 Rxf3 31. Rxc7 Rd8 32. Rcd7 1-0

[Event "Santo Domingo District"]
[Site "Santo Domingo"]
[Date "2016.03.12"]
[Round "2"]
[White "Rojas Gomez, Ramon Andres"]
[Black "Belliard Alonzo, Julio Cesar"]
[Result "1-0"]
[WhiteElo "1828"]
[BlackElo "1661"]
[PlyCount "31"]
[EventDate "2016.03.11"]
[EventType "swiss"]
[EventRounds "7"]
[EventCountry "DOM"]
[SourceTitle "EXT 2017"]
[Source "ChessBase"]
[SourceDate "2016.10.25"]
[SourceVersion "1"]
[SourceVersionDate "2016.10.25"]
[SourceQuality "1"]

1. c4 d5 2. cxd5 Qxd5 3. b3 Bf5 4. Bb2 Nf6 5. Nf3 Nc6 6. a3 e5 7. Nc3 Qe6 8. e3 a6 9. Be2 h6 10. 0-0 g5 11. Ne1 0-0-0 12. b4 g4 13. Na4 Bd3 14. Bxd3 Rxd3 15. Qe2 e4 16. b5 1-0

[Event "Santo Domingo Duarte Memorial 5th"]
[Site "Santo Domingo"]
[Date "2016.01.16"]
[Round "7"]
[White "Castillo Vazquez, Adgart Miguel"]
[Black "Belliard Alonzo, Julio Cesar"]
[Result "1-0"]
[WhiteElo "2014"]
[BlackElo "1677"]
[PlyCount "23"]
[EventDate "2016.01.08"]
[EventType "swiss"]
[EventRounds "8"]
[EventCountry "DOM"]
[SourceTitle "CBM 170 Extra"]
[Source "ChessBase"]
[SourceDate "2016.02.25"]
[SourceVersion "1"]
[SourceVersionDate "2016.02.25"]
[SourceQuality "1"]

1. d4 d5 2. c4 Nf6 3. Nc3 c6 4. Nf3 Bg4 5. Bg5 Bxf3 6. gxf3 e6 7. e4 Be7 8. Qb3 Qc7 9. 0-0-0 dxc4 10. Bxc4 b5 11. Be2 a5 12. Qc2 1-0

[Event "Santo Domingo Summer op"]
[Site "Santo Domingo"]
[Date "2015.07.25"]
[Round "6"]
[White "Belliard Alonzo, Julio Cesar"]
[Black "Almonte Almanzar, Jose Amado"]
[Result "0-1"]
[WhiteElo "1699"]
[BlackElo "1895"]
[PlyCount "72"]
[EventDate "2015.07.17"]
[EventType "swiss"]
[EventRounds "8"]
[EventCountry "DOM"]
[SourceTitle "EXT 2016"]
[Source "ChessBase"]
[SourceDate "2015.10.08"]
[SourceVersion "1"]
[SourceVersionDate "2015.10.08"]
[SourceQuality "1"]

1. d4 d5 2. c4 Nc6 3. c5 e5 4. dxe5 Bxc5 5. Nf3 Nge7 6. h3 Be6 7. Bg5 Qd7 8. Bxe7 Bxe7 9. e3 0-0 10. Bb5 a6 11. Be2 Rfd8 12. Nd4 Nxe5 13. 0-0 c5 14. Nxe6 fxe6 15. f4 Ng6 16. Bg4 d4 17. f5 exf5 18. Bxf5 Qd6 19. e4 b5 20. Qg4 Ne5 21. Qd1 d3 22. Nd2 Qd4+ 23. Kh1 Qxb2 24. Qh5 g6 25. Be6+ Kg7 26. Qd1 c4 27. Nf3 Nxf3 28. Qxf3 Rf8 29. Qg4 Rxf1+ 30. Rxf1 Rf8 31. Rxf8 Bxf8 32. Qf4 Qa1+ 33. Kh2 Qf6 34. Qc7+ Be7 35. Qd7 Kh6 36. e5 Qxe5+ 0-1

[Event "Santo Domingo Summer op"]
[Site "Santo Domingo"]
[Date "2015.07.19"]
[Round "4"]
[White "Sanchez, Eduardo Manuel"]
[Black "Belliard Alonzo, Julio Cesar"]
[Result "1/2-1/2"]
[WhiteElo "1760"]
[BlackElo "1699"]
[PlyCount "58"]
[EventDate "2015.07.17"]
[EventType "swiss"]
[EventRounds "8"]
[EventCountry "DOM"]
[SourceTitle "EXT 2016"]
[Source "ChessBase"]
[SourceDate "2015.10.08"]
[SourceVersion "1"]
[SourceVersionDate "2015.10.08"]
[SourceQuality "1"]

1. e4 d5 2. exd5 Qxd5 3. Nc3 Qd8 4. Nf3 Nf6 5. h3 g6 6. Bc4 Bg7 7. 0-0 0-0 8. d3 c6 9. Bb3 Nbd7 10. Bd2 Nc5 11. Qc1 Nxb3 12. axb3 Bf5 13. Bh6 Nd5 14. Bxg7 Kxg7 15. Nxd5 Qxd5 16. Qe3 Qd7 17. Rxa7 Rxa7 18. Qxa7 f6 19. Nd4 Kf7 20. Nxf5 gxf5 21. Qe3 Rg8 22. f4 Qd5 23. Rf3 Qa5 24. Qd4 h5 25. Qd7 Qe1+ 26. Rf1 Qe2 27. Rf2 Qe1+ 28. Rf1 Qe3+ 29. Rf2 Qe1+ 1/2-1/2

[Event "Santo Domingo op U2100"]
[Site "Santo Domingo"]
[Date "2015.02.13"]
[Round "5"]
[White "Camacho Campusano, David Daniel"]
[Black "Belliard Alonzo, Julio Cesar"]
[Result "1-0"]
[WhiteElo "2077"]
[BlackElo "1734"]
[PlyCount "55"]
[EventDate "2015.02.06"]
[EventType "swiss"]
[EventRounds "8"]
[EventCountry "DOM"]
[SourceTitle "CBM 164 Extra"]
[Source "ChessBase"]
[SourceDate "2015.03.02"]
[SourceVersion "1"]
[SourceVersionDate "2015.03.02"]
[SourceQuality "1"]

1. e4 d5 2. exd5 Qxd5 3. Nc3 Qd8 4. d4 Nf6 5. Bc4 g6 6. Nf3 Bg7 7. Bg5 0-0 8. Qd2 Bg4 9. Ne5 Bf5 10. f3 c6 11. g4 Bc8 12. h4 Nbd7 13. Nxd7 Bxd7 14. h5 Be6 15. Bxe6 fxe6 16. hxg6 hxg6 17. 0-0-0 Nd5 18. Ne4 Kf7 19. Bh6 Bxh6 20. Qxh6 Rh8 21. Ng5+ Kf6 22. Nh7+ Kf7 23. Rde1 Qa5 24. Ng5+ Ke8 25. Qxh8+ Kd7 26. Qxa8 Qxa2 27. Qxb7+ Nc7 28. Nxe6 1-0